000 00664nam a2200241Ia 4500
003 OSt
005 20220926005502.0
006 a|||||r|||| 00| 0
007 ta
008 220923b |||||||| |||| 00| 0 eng d
037 _cGeneral Book
040 _aRTL
_cRTL
_beng
041 _2eng
_aeng
082 _aY744494, L7
100 _aNatarajan Nalini
245 0 _aMissinary among the Khasis
260 _a New Delhi
_bSterling
_c1977
300 _axii, 212p
_ccm.
500 _aBibliography Chapterwise and P 199-204
650 _aIndian Society
942 _hY744494, L7
_cGB
_2CC
999 _c613996
_d613996